Soil survey, Gray County, Texas (Record no. 12191)

MARC details
000 -LEADER
fixed length control field 00904cam a22002531 4500
001 - CONTROL NUMBER
control field agr67000135
003 - CONTROL NUMBER IDENTIFIER
control field DLC
005 - DATE AND TIME OF LATEST TRANSACTION
control field 20260227111026.0
008 - FIXED-LENGTH DATA ELEMENTS--GENERAL INFORMATION
fixed length control field 760805s1966 dcu f000 0 eng
010 ## - LIBRARY OF CONGRESS CONTROL NUMBER
LC control number agr67000135
035 ## - SYSTEM CONTROL NUMBER
System control number (OCoLC)2357283
040 ## - CATALOGING SOURCE
Original cataloging agency DLC
Transcribing agency TxComS
Modifying agency DLC
042 ## - AUTHENTICATION CODE
Authentication code premarc
050 00 - LIBRARY OF CONGRESS CALL NUMBER
Classification number S599.T4
Item number W5
100 1# - MAIN ENTRY--PERSONAL NAME
Personal name Williams, Jack C.,
Dates associated with a name 1928-
245 10 - TITLE STATEMENT
Title Soil survey, Gray County, Texas
Statement of responsibility, etc. [by Jack C. Williams and Anthony J. Welker.
260 ## - PUBLICATION, DISTRIBUTION, ETC.
Place of publication, distribution, etc. Washington]
Name of publisher, distributor, etc. U.S. Dept. of Agriculture, Soil Conservation Service; [for sale by the Supt. of Docs., U.S. Govt. Print. Off.]
Date of publication, distribution, etc. 1966.
300 ## - PHYSICAL DESCRIPTION
Extent 73 p.
Other physical details illus., maps (part fold. col.)
Dimensions 28 cm.
500 ## - GENERAL NOTE
General note Cover title.
504 ## - BIBLIOGRAPHY, ETC. NOTE
Bibliography, etc. note Bibliography: p. 72.
650 #0 - SUBJECT ADDED ENTRY--TOPICAL TERM
Topical term or geographic name entry element Soil surveys
Geographic subdivision Texas
-- Gray County.
700 1# - ADDED ENTRY--PERSONAL NAME
Personal name Welker, Anthony Joseph,
Dates associated with a name 1913-
Relator term joint author.
710 1# - ADDED ENTRY--CORPORATE NAME
Corporate name or jurisdiction name as entry element United States.
Subordinate unit Soil Conservation Service.

No items available.

Powered by Koha